LEADER 02134 am 22003493u 450 001 9910765612903321 005 20231206221845.0 010 $a9783631583197 024 7 $a10.3726/b13963 035 $a(CKB)4920000000095395 035 $a(OAPEN)1003218 035 $a(MiAaPQ)EBC30686044 035 $a(EXLCZ)994920000000095395 100 $a20200116d|||| uy 101 0 $ager 135 $auuuuu---auuuu 200 10$aOeffentlich-private Finanzierung von Infrastruktur in Entwicklungslaendern und deren Beitrag zur Armutsreduktion 210 $aBern$cPeter Lang International Academic Publishers$d2018 215 $a1 online resource (314) 311 $a3-631-58319-2 330 $aDie Dissertation ist an der Schnittstelle von Betriebswirtschaftslehre und Entwicklungsökonomie angesiedelt. Basierend auf einem Multimethodenansatz werden jeweils zwei Fallstudien in Vietnam und auf den Philippinen aus beiden Perspektiven dargestellt. Der entwicklungsökonomische Teil der Arbeit umfasst die Darstellung von Good Governance und Global Governance. Anschließend werden die Auswirkungen von ausländischen Direktinvestitionen und von Energie- und Straßeninfrastruktur auf Wirtschaftswachstum und Armutsreduktion diskutiert. Ein weiterer Schwerpunkt liegt auf der Darstellung von Public Private Partnerships. Keine Fallstudie liefert einen direkten langfristigen Beitrag zur Armutsreduktion, aber sie tragen zum Wirtschaftswachstum bei. Zusammenfassend kann festgehalten werden, dass die positiven Auswirkungen von privat finanzierter Infrastruktur auf die Armutsreduktion überschätzt werden. 606 $aInternational economics$2bicssc 606 $aEconomic systems & structures$2bicssc 607 $aVietnam$xEconomic policy 607 $aPhilippines$xEconomic policy 615 7$aInternational economics 615 7$aEconomic systems & structures 700 $aGusenbauer$b Bianca$4aut$01298381 906 $aBOOK 912 $a9910765612903321 996 $aOeffentlich-private Finanzierung von Infrastruktur in Entwicklungslaendern und deren Beitrag zur Armutsreduktion$93024852 997 $aUNINA LEADER 00964nam0 22002651i 450 001 UON00222194 005 20231205103420.84 010 $a96-327-0413-4 100 $a20030730d1977 |0itac50 ba 101 $ahun 102 $aHU 105 $a|||| ||||| 200 1 $aˆ"‰Itt éjszaka koalák járnak"$fTandori Dezso 210 $aBudapest$cMagveto Könyvkiadó$d1977 215 $a200 p.$cill.$d18 cm. 620 $aHU$dBudapest$3UONL000090 676 $a894.511$cLetteratura ungherese$v21 700 1$aTANDORI$bDezso$3UONV134608$0685583 712 $aMagveto Könyvkiadó$3UONV274244$4650 801 $aIT$bSOL$c20240220$gRICA 899 $aSIBA - SISTEMA BIBLIOTECARIO DI ATENEO$2UONSI 912 $aUON00222194 950 $aSIBA - SISTEMA BIBLIOTECARIO DI ATENEO$dSI UNGHERESE A TAND 0003 $eSI EO 1116 5 0003 996 $aItt éjszaka koalák járnak"$91268357 997 $aUNIOR